Preparation of Enzymes with the Potential for Use in the Processing of Lignocellulosic Biomass
Saved in:
| Main Author: | |
|---|---|
| Other Authors: | |
| Format: | Manuscript Book |
| Language: | Slovak English |
| Published: |
2024
|
| Subjects: | |
| Online Access: | http://is.stuba.sk/zp/portal_zp.pl?podrobnosti=176670 |
| Tags: |
No Tags, Be the first to tag this record!
|
MARC
| LEADER | 00000ntm a22000003a 4500 | ||
|---|---|---|---|
| 001 | stuzp99370 | ||
| 003 | SK-STU | ||
| 005 | 20240601210702.8 | ||
| 007 | ta | ||
| 008 | 150427s2015----xo-----f-mn---000-0-slo-d | ||
| 040 | |a STU |b slo | ||
| 041 | 0 | |a eng | |
| 100 | 1 | |a Stloukalová, Berenika |u 044000 |4 aut |U FCHPT Fakulta chemickej a potravinárskej technológie |T FCHPT Ústav biotechnológie |X 104825 |U C4000 |Y 102 |7 104825 | |
| 242 | 0 | 1 | |a Príprava enzýmov s potenciálom využitia pri spracovaní lignocelulózovej biomasy |y slo |
| 245 | 1 | 0 | |a Preparation of Enzymes with the Potential for Use in the Processing of Lignocellulosic Biomass |
| 260 | |c 2024 | ||
| 650 | 4 | |a kvasinka |2 slo | |
| 650 | 4 | |a glykozid hydroláza |2 slo | |
| 650 | 4 | |a α-L-arabinofuranozidáza |2 slo | |
| 650 | 4 | |a lignocelulózová biomasa |2 slo | |
| 650 | 4 | |a hemicelulóza |2 slo | |
| 650 | 4 | |a Pichia pastoris |2 slo | |
| 650 | 4 | |a heteroxylán |2 slo | |
| 650 | 4 | |a pomocný enzým |2 slo | |
| 650 | 4 | |a glycoside hydrolase |2 eng | |
| 650 | 4 | |a hemicellulose |2 eng | |
| 650 | 4 | |a Pichia pastoris |2 eng | |
| 650 | 4 | |a yeast |2 eng | |
| 650 | 4 | |a α-L-arabinofuranosidase |2 eng | |
| 650 | 4 | |a accessory enzyme |2 eng | |
| 650 | 4 | |a heteroxylan |2 eng | |
| 650 | 4 | |a lignocellulosic biomass |2 eng | |
| 700 | 1 | |a Petrovičová, Tatiana |u 044000 |k Z2 |4 ths |U FCHPT Fakulta chemickej a potravinárskej technológie |T FCHPT Ústav biotechnológie |X 42770 |U C4000 |Y 102 |7 A000042770 | |
| 856 | 4 | |u http://is.stuba.sk/zp/portal_zp.pl?podrobnosti=176670 | |